header

Airborne measurements for environmental research (Record no. 59303)

MARC details
000 -LEADER
fixed length control field 01287nam a2200313 a 4500
082 04 - DEWEY DECIMAL CLASSIFICATION NUMBER
Classification number 551.511028
245 00 - TITLE STATEMENT
Title Airborne measurements for environmental research
260 ## - PUBLICATION, DISTRIBUTION, ETC. (IMPRINT)
Place of publication Weinheim :
Name of publisher Wiley-VCH,
Year of publication 2013.
300 ## - PHYSICAL DESCRIPTION
Number of Pages xxxii, 655 p. :
Other physical details ill.
490 0# - SERIES STATEMENT
Series statement Wiley series in atmospheric physics and remote sensing
650 #0 - SUBJECT ADDED ENTRY--TOPICAL TERM
Topical Term Atmosphere
700 1# - ADDED ENTRY--PERSONAL NAME
Personal name Wendisch, Manfred.
Personal name Brenguier, Jean-Louis.
856 40 - ELECTRONIC LOCATION AND ACCESS
Uniform Resource Identifier http://site.ebrary.com/lib/rucke/Doc?id=10677741

No items available.

© 2026 Rongo University
Contact us: librarian | system librarian | Rongo university